UM Logo
Normal view MARC view
  • Hopkins, James M.

Entry Personal Name

Number of records used in: 1

001 - CONTROL NUMBER

  • control field: 43044

003 - CONTROL NUMBER IDENTIFIER

  • control field: OSt

005 - DATE AND TIME OF LATEST TRANSACTION

  • control field: 20210216115804.0

008 - FIXED-LENGTH DATA ELEMENTS

  • fixed length control field: 210216|| aca||aabn | a|a d

040 ## - CATALOGING SOURCE

  • Original cataloging agency: OSt
  • Transcribing agency: OSt

100 ## - HEADING--PERSONAL NAME

  • Personal name: Hopkins, James M.

670 ## - SOURCE DATA FOUND

  • Source citation: Work cat.: (OSt): Hopkins, James M. , Clarifying head of household issues/, ©2011.